| 000 | 00000nas 2200000za 4500 |
| 001 | 9.501832 |
| 003 | CaOODSP |
| 005 | 20230607112329 |
| 007 | cr ||||||||||| |
| 008 | 150406d20092019xxc|| p o||||f| |0fre|d |
| 040 | |aCaOODSP|bfre |
| 043 | |an-cn--- |
| 086 | 1 |aNH2-27F-PDF |
| 110 | 1 |aCanada. |bSociété canadienne d'hypothèques et de logement. |bCentre d'analyse de marché, |eauteur, |eorganisme de pubication. |
| 245 | 10|aLes résidences pour personnes âgées - Québec |h[ressource électronique] |
| 260 | |aOttawa - Ontario : |bSociété canadienne d'hypothèques et de logement |
| 310 | |aAnnuel |
| 362 | 1 |aParaît depuis 2009; ne paraît plus après 2019. |
| 775 | 08|tRetirement home market study - Quebec |w(CaOODSP)9.505434 |
| 776 | 0#|tLes résidences pour personnes âgées, étude de marché - Québec |w(CaOODSP)9.513714 |